00381nam a2200157Ia 4500001000500000005001700005008004100022041000800063082001500071100004000086245005900126260000900185300001300194650000800207654000800215501020260306145836.0260306t2000||||xx |||||||||||||| ||spa|| aESP a332.6bS69 aSosa de la Cruz, Clifor DanieleAUT 0aCómo elaborar un proyecto de inversión turístico c2000 ac21 cm. aGEN aCAN